Faktoring – jedna z hlavních forem financování malých a středních podniků
Právne postavenie faktoringu v Českej republike. Ekonomická podstata faktoringu. Definícia faktoringu ako finančnej služby. Formy faktoringu. Učtovanie faktoringu. České účtovné predpisy. Medzinárodné štandardy účtovného výkazníctva. Bezregresný faktoring. Faktoring s regresiou.
Enregistré dans:
| Auteur principal: | |
|---|---|
| Format: | Chapitre de livre |
| Langue: | tchèque |
| Sujets: | |
| Tags: |
Pas de tags, Soyez le premier à ajouter un tag!
|
MARC
| LEADER | 00000nla$a2200000$$$4500 | ||
|---|---|---|---|
| 001 | 0133862 | ||
| 005 | 20240209070349.9 | ||
| 041 | 0 | |a cze | |
| 044 | |a CZ | ||
| 245 | 1 | 0 | |a Faktoring – jedna z hlavních forem financování malých a středních podniků |c Libuše Müllerová |
| 520 | |a Právne postavenie faktoringu v Českej republike. Ekonomická podstata faktoringu. Definícia faktoringu ako finančnej služby. Formy faktoringu. Učtovanie faktoringu. České účtovné predpisy. Medzinárodné štandardy účtovného výkazníctva. Bezregresný faktoring. Faktoring s regresiou. | ||
| 610 | 2 | 0 | |a podnik malý |
| 610 | 2 | 0 | |a podnik stredný |
| 610 | 2 | 0 | |a zákonník obchodný |
| 610 | 2 | 0 | |a dane z príjmov |
| 610 | 2 | 0 | |a účtovanie |
| 610 | 2 | 0 | |a služby finančné |
| 610 | 2 | 0 | |a štandardy účtovné medzinárodné |
| 610 | 2 | 0 | |a Česko |
| 610 | 2 | 0 | |a faktoring |
| 100 | 1 | |a Müllerová, Libuše | |